Christensen's Physics of Diagnostic radiology (Record no. 22821)

MARC details
000 -LEADER
fixed length control field 00420nam a22001697a 4500
003 - CONTROL NUMBER IDENTIFIER
control field SGT
020 ## - INTERNATIONAL STANDARD BOOK NUMBER
International Standard Book Number 9788184736007
082 ## - DEWEY DECIMAL CLASSIFICATION NUMBER
Classification number 616.0757
Item number P19C
100 ## - MAIN ENTRY--PERSONAL NAME
Personal name Curry, Thomas S...[et. al.]
245 ## - TITLE STATEMENT
Title Christensen's Physics of Diagnostic radiology
250 ## - EDITION STATEMENT
Edition statement 4th South Asia
260 ## - PUBLICATION, DISTRIBUTION, ETC. (IMPRINT)
Name of publisher, distributor, etc Wolters Kluwer
Year of Publication 2019
300 ## - PAGE DESCRIPTION
No. of Pages 522
650 ## - SUBJECT ADDED ENTRY--TOPICAL TERM
Topical term or geographic name as entry element Radiology; Physics
653 ## - KEYWORDS--INDEX TERM
Keyword term Radiology; Physics
942 ## - ADDED ENTRY ELEMENTS (KOHA)
Source of classification or shelving scheme Dewey Decimal Classification
Koha item type Books
Holdings
Withdrawn status Lost status Source of classification or shelving scheme Damaged status Not for loan Home library Current library Date acquired Vendor Name Cost, normal purchase price SGTU Bill Number Full call number Accession No. (Barcode) Date last seen Bill Date Koha item type
    Dewey Decimal Classification   Not For Loan SGT Dental Library SGT Dental Library 10/06/2022 Ahuja Book Co. Pvt. Ltd. 1750.00 SGTU 14353 616.0757 P19C FD8888 05/02/2024 16/04/2022 Books